مكتبة جامعة عجلون الوطنية

فهرس بحث المكتبة

Normal view MARC view
  • الاسلام - العقل والوحي

Entry Topical Term

Number of records used in: 1

001 - CONTROL NUMBER

  • control field: 36884

003 - CONTROL NUMBER IDENTIFIER

  • control field: JO-AjAnu

005 - DATE AND TIME OF LATEST TRANSACTION

  • control field: 20230606080144.0

008 - FIXED-LENGTH DATA ELEMENTS

  • fixed length control field: 230606|| aca||aabn | a|a d

040 ## - CATALOGING SOURCE

  • Original cataloging agency: JO-AjAnu
  • Transcribing agency: JO-AjAnu

150 ## - HEADING--TOPICAL TERM

  • Topical term or geographic name entry element: الاسلام - العقل والوحي

670 ## - SOURCE DATA FOUND

  • Source citation: Work cat.: (JO-AjAnu)18931: مكرم، عبد العال سالم, author 36883, الفكر الإسلامي بين العقل والوحي وأثره في مستقبل الإسلام